| 000 | 00823cam a22002294a 4500 | ||
|---|---|---|---|
| 999 |
_c1078 _d1078 |
||
| 001 | 14567 | ||
| 003 | BD-DhUAP | ||
| 005 | 20200209170539.0 | ||
| 008 | 200202s2009 bg b 000 0 eng d | ||
| 037 |
_bLibrary of Congress -- New Delhi Overseas Office _cTk100.00 |
||
| 040 |
_aDLC _cBD-DhUAP _dBD-DhUAP _bEng |
||
| 082 |
_223 _a331.481095492 SEL |
||
| 100 | 1 | _aSelim, Nadia. | |
| 245 | 1 | 0 |
_aDomestic service in Bangladesh : _ba case study in Dhaka / _cNadia Selim. |
| 260 |
_aDhaka : _bExpressions Ltd., _cc2009. |
||
| 300 |
_a106 pages ; _c23 cm. |
||
| 504 | _aIncludes bibliographical references. | ||
| 650 | 0 |
_aWomen household employees _zBangladesh _zDhaka _xSocial conditions _vCase studies. |
|
| 906 |
_a7 _bcbc _corigode _d3 _encip _f20 _gy-gencatlg |
||
| 942 |
_2ddc _cBK |
||